Solutions to problems in advanced accounts. V 2 (Record no. 23091)

MARC details
000 -LEADER
fixed length control field 00306nam a2200121Ia 4500
082 ## - DEWEY DECIMAL CLASSIFICATION NUMBER
Classification number 657(076.2)
Item number SHU
100 ## - MAIN ENTRY--AUTHOR NAME
Personal name Grewal
245 #0 - TITLE STATEMENT
Title Solutions to problems in advanced accounts. V 2
260 ## - PUBLICATION, DISTRIBUTION, ETC. (IMPRINT)
Place of publication Delhi
Name of publisher S Chand
Year of publication 1974
700 ## - ADDED ENTRY--PERSONAL NAME
Personal name Shukla
942 ## - ADDED ENTRY ELEMENTS (KOHA)
Koha item type Books
Holdings
Withdrawn status Lost status Damaged status Not for loan Home library Current library Date acquired Source of acquisition Cost, normal purchase price Full call number Accession Number Koha item type
        RRII Library RRII Library 16/12/2021 Auction 20.00 657(076.2) SHU 03795 Books